| 000 | 00367nam a22001217a 4500 | ||
|---|---|---|---|
| 008 | 181123b xxu||||| |||| 00| 0 eng d | ||
| 041 | _aeng | ||
| 080 | _a043.3 | ||
| 100 | _a0 | ||
| 101 | _aBTH-SHJ | ||
| 245 |
_aTrafikimi me Qenie Njerëzore si formë e krimit të Organizuar me theks të veçantë në Kosovë për periudhën 2014-2016 _cMemeti,A |
||
| 942 |
_2udc _cBK |
||
| 999 |
_c52452 _d52452 |
||